Dünya Tarihi A'dan Z'ye - Statistics

General Stats
  • This quiz has been taken 899 times
    886 since last reset
  • The average score is 11 of 29
Answer Stats
Harf İpucu Cevap % Correct
C Arjantinli Marksist devrimci Che Guevera
86%
Ç 1986 yılında Sovyetler Birliği’nde gerçekleşen nükleer kaza Çernobil Faciası
80%
K İstanbul'un eski adı Konstantinopolis
78%
M Dicle ve Fırat nehirleri arasındaki tarihi bölge Mezopotamya
71%
N Ay'da yürüyen ilk insan Neil Armstrong
67%
O 14. ve 20. yüzyılın başları arasında Güneydoğu Avrupa, Batı Asya ve Kuzey Afrika'nın çoğunu kontrol etmiş mparatorluk Osmanlı İmparatorluğu
65%
G Amerika Birleşik Devletleri'nin kurucusu George Washington
64%
S Ünlü Yunan filozofu Sokrates
64%
F Adolf Hitler ile ilişkilendirilen siyasi unvan Führer
56%
J Suikaste kurban gidene kadar Amerika Birleşik Devletleri'nin 35. başkanı John F. Kennedy
54%
D Miguel de Cervantes tarafından yazılmış İspanyol romanı Don Kişot
51%
R 14-16. yüzyıllarda klasik modellerin etkisi altında Avrupa sanatı ve edebiyatının canlanması Rönesans
51%
İ Kolomb öncesi Amerika'daki en büyük imparatorluk İnka İmparatorluğu
37%
Z İran'da kurulan dünyanın en eski dinlerinden biri Zerdüştlük
36%
Ö 1920’de hayatını kaybeden ünlü Türk yazar, asker ve öğretmen Ömer Seyfettin
34%
U 2011’de öldürülen El-Kaide’nin eski “başkanı” Usame bin Ladin
34%
E Eski Halifelik Emevîler
29%
I Yüzyıllar boyunca kölelikle beraber büyüyen ve bazı insanların üstünlüğünü temel alan felsefe Irkçılık
29%
H 1941’de saldırıya uğrayan ABD eyaleti Hawaii
28%
L 1643'ten 1715'e kadar Fransa Kralı Louis XIV
28%
Ş 1949 yılından sonra aşırı bir ekonomik büyüme yaşayan metropol Şanghay
28%
V 1837'den 1901'e kadar Birleşik Krallık Kraliçesi Victoria
27%
B 2001'de Taliban tarafından yıkılan heykeller Bamyan Buda heykelleri
18%
P Moai figürleriyle ünlü ünlü ada Paskalya Adası
10%
Y 1. Filistin Ulusal Yönetimi Başkanı Yasser Arafat
10%
A 12. yüzyılın başlarında inşa edilmiş dünyanın en büyük dini yapısı Angkor Wat
6%
Ğ Tatar halk şairi, yazar ve yayıncı olan Abdullah Tukay’ın Tatarca ismi Ğabdulla Tuqay
4%
T Eski Okyanusya imparatorluğu Tuʻi Tonga İmparatorluğu
2%
Ü 839’dan 845’e (ya da 847) kadar Uygur Kağanlığı’nı yöneten Uygur kağanı Üge Kağan
1%
No matching quizzes found
Score Distribution
Percent of People with Each Score
Percentile by Number Answered
Your Score History
You have not taken this quiz since the last reset